[Event "Sufe Cup"]
[Site "Shanghai"]
[Date "2000.03.08"]
[Round "6"]
[White "Filippov, Valerij"]
[Black "Yin, Hao"]
[Result "1-0"]
[WhiteElo "2584"]
[BlackElo "2496"]
[PlyCount "111"]
[EventDate "2000.03.03"]
[EventType "tourn"]
[EventRounds "13"]
[EventCountry "CHN"]
[EventCategory "13"]
[SourceTitle "CBM 076"]
[Source "ChessBase"]
[SourceDate "2000.05.31"]
[SourceVersion "1"]
[SourceVersionDate "2000.05.31"]
[SourceQuality "1"]

1. c4 Nf6 2. Nc3 c5 3. Nf3 d5 4. cxd5 Nxd5 5. d4 e6 6. e4 cxd4 7. Qxd4 Nc6 8. Bb5 Nxc3 9. Bxc6+ bxc6 10. Qxc3 Qb6 11. 0-0 Qc5 12. Qb3 Qb6 13. Be3 Qxb3 14. axb3 a6 15. Ne5 Bb7 16. Rfd1 Be7 17. Rd7 Bf6 18. Rxb7 Bxe5 19. f4 Rb8 20. Ra7 Bd6 21. e5 Bb4 22. R1xa6 c5 23. Kf2 0-0 24. Ke2 h5 25. Rc6 Rb5 26. Rcc7 g5 27. fxg5 Kg7 28. h4 Kg6 29. g3 Rbb8 30. Ra1 Rbc8 31. Rxc8 Rxc8 32. Rf1 Ra8 33. Kd3 Ra2 34. Kc2 Ra6 35. Rf6+ Kg7 36. Rf4 Be1 37. g4 hxg4 38. Rxg4 Kg6 39. Bxc5 Rc6 40. Rc4 Bxh4 41. b4 Bxg5 42. b5 Rc7 43. b6 Rb7 44. Ra4 Rb8 45. Rb4 Rb7 46. Kd3 Kf5 47. Ra4 Kxe5 48. Ra7 Rb8 49. Rd7 Kf6 50. b7 Bf4 51. Ke4 Bh2 52. Bd4+ e5 53. Ba7 Ke6 54. Bxb8 f5+ 55. Ke3 Kxd7 56. Bd6 1-0

[Event "World Cities-ch 2nd"]
[Site "Shenyang"]
[Date "1999.10.07"]
[Round "7"]
[White "Nakagawa, Emiko"]
[Black "Yin, Hao"]
[Result "0-1"]
[WhiteElo "2005"]
[BlackElo "2401"]
[PlyCount "66"]
[EventDate "1999.10.02"]
[EventType "team"]
[EventRounds "9"]
[EventCountry "CHN"]
[SourceTitle "EXT 2000"]
[Source "ChessBase"]
[SourceDate "1999.11.16"]
[SourceVersion "1"]
[SourceVersionDate "1999.11.16"]
[SourceQuality "1"]

1. d4 Nf6 2. c4 e6 3. Nc3 d5 4. Bg5 c6 5. e3 Nbd7 6. Nf3 Qa5 7. Bxf6 Nxf6 8. Nd2 Be7 9. Be2 0-0 10. 0-0 Qd8 11. Nf3 a6 12. a4 a5 13. Qc2 Bd6 14. Ne5 Bxe5 15. dxe5 Nd7 16. f4 Qb6 17. Rf3 Rd8 18. Rd1 Nc5 19. Kh1 Bd7 20. Rh3 h6 21. Rg3 Qb3 22. Qxb3 Nxb3 23. Kg1 Be8 24. Bd3 Rab8 25. cxd5 exd5 26. Bc2 Nc5 27. Ne2 b5 28. axb5 Rxb5 29. Rd2 Rdb8 30. Nd4 Rxb2 31. Nf5 Ne4 32. Rxg7+ Kh8 33. Re2 Rb1+ 0-1

[Event "World Cities-ch 2nd"]
[Site "Shenyang"]
[Date "1999.10.07"]
[Round "6"]
[White "Zhang, Pengxiang"]
[Black "Yin, Hao"]
[Result "1-0"]
[WhiteElo "2462"]
[BlackElo "2401"]
[PlyCount "81"]
[EventDate "1999.10.02"]
[EventType "team"]
[EventRounds "9"]
[EventCountry "CHN"]
[SourceTitle "EXT 2000"]
[Source "ChessBase"]
[SourceDate "1999.11.16"]
[SourceVersion "1"]
[SourceVersionDate "1999.11.16"]
[SourceQuality "1"]

1. Nf3 Nf6 2. c4 e6 3. Nc3 d5 4. d4 c6 5. e3 Be7 6. Bd3 0-0 7. 0-0 Nbd7 8. b3 b6 9. Qc2 Bb7 10. Bb2 h6 11. Rad1 Rc8 12. Qe2 Qc7 13. e4 dxe4 14. Nxe4 Rfd8 15. Rfe1 Nxe4 16. Bxe4 Bf6 17. Ne5 Nxe5 18. dxe5 Bg5 19. c5 Be7 20. Bc2 Rxd1 21. Rxd1 Rd8 22. Rd6 bxc5 23. Qe4 Bxd6 24. exd6 Rxd6 25. Qh7+ Kf8 26. Qxg7+ Ke8 27. Bf6 Qa5 28. h4 Ba6 29. Kh2 Rd2 30. Qg8+ Kd7 31. Qxf7+ Kc8 32. Qxe6+ Kb7 33. Bf5 Qc7+ 34. Be5 Qd8 35. Bg3 Rxa2 36. Qxh6 c4 37. Qg7+ Ka8 38. bxc4 Bxc4 39. h5 Ra5 40. Qg6 Qd5 41. Qe8+ 1-0

[Event "World Cities-ch 2nd"]
[Site "Shenyang"]
[Date "1999.10.04"]
[Round "1"]
[White "Spiller, Paul"]
[Black "Yin, Hao"]
[Result "0-1"]
[WhiteElo "2200"]
[BlackElo "2401"]
[PlyCount "40"]
[EventDate "1999.10.02"]
[EventType "team"]
[EventRounds "9"]
[EventCountry "CHN"]
[SourceTitle "EXT 2000"]
[Source "ChessBase"]
[SourceDate "1999.11.16"]
[SourceVersion "1"]
[SourceVersionDate "1999.11.16"]
[SourceQuality "1"]

1. f4 d5 2. Nf3 c5 3. b3 Nc6 4. Bb2 d4 5. e4 dxe3 6. Bc4 Nh6 7. Qe2 exd2+ 8. Nbxd2 Nf5 9. 0-0 e6 10. Ne4 Be7 11. Rad1 Qc7 12. Ne5 0-0 13. Rd3 b5 14. Bxb5 Ncd4 15. Qh5 g6 16. Qh3 f6 17. Ng4 h5 18. Ngxf6+ Bxf6 19. Nxf6+ Rxf6 20. Bc4 Bb7 0-1

[Event "Wch U26 (Men)"]
[Site "Rotterdam"]
[Date "1998.08.20"]
[Round "9"]
[White "Yin, Hao"]
[Black "Har Zvi, Ronen"]
[Result "1/2-1/2"]
[WhiteElo "2380"]
[BlackElo "2505"]
[PlyCount "78"]
[EventDate "1998.08.??"]
[EventType "swiss"]
[EventRounds "9"]
[EventCountry "NED"]
[SourceTitle "EXT 1999"]
[Source "ChessBase"]
[SourceDate "1998.11.16"]
[SourceVersion "1"]
[SourceVersionDate "1998.11.16"]
[SourceQuality "1"]

1. e4 c5 2. Nf3 d6 3. c3 Nf6 4. Be2 g6 5. 0-0 Bg7 6. Re1 0-0 7. Bf1 Nc6 8. h3 e5 9. d3 h6 10. Na3 d5 11. exd5 Nxd5 12. Nc4 Qc7 13. a4 b6 14. Qb3 Be6 15. Bd2 Rfd8 16. Qc2 Rd7 17. g3 Rad8 18. Rad1 a6 19. Bc1 b5 20. axb5 axb5 21. Ne3 Nxe3 22. Bxe3 Na5 23. Nd2 Bf5 24. Ne4 c4 25. g4 Bxe4 26. dxe4 Bf8 27. Rxd7 Rxd7 28. Rd1 Nb3 29. Be2 Kg7 30. Rxd7 Qxd7 31. Qd1 Qc7 32. Qd5 Bc5 33. Bd1 Bxe3 34. Bxb3 Bc1 35. Bd1 Bxb2 36. Qxb5 Bxc3 37. Be2 Bd4 38. Bxc4 Qd8 39. Qb3 Qf6 1/2-1/2

[Event "Wch U26 (Men)"]
[Site "Rotterdam"]
[Date "1998.08.14"]
[Round "4"]
[White "Yin, Hao"]
[Black "Cacho Reigadas, Sergio"]
[Result "1-0"]
[WhiteElo "2380"]
[BlackElo "2425"]
[PlyCount "85"]
[EventDate "1998.08.??"]
[EventType "swiss"]
[EventRounds "9"]
[EventCountry "NED"]
[SourceTitle "EXT 1999"]
[Source "ChessBase"]
[SourceDate "1998.11.16"]
[SourceVersion "1"]
[SourceVersionDate "1998.11.16"]
[SourceQuality "1"]

1. e4 c5 2. Nf3 e6 3. c3 Nf6 4. e5 Nd5 5. d4 cxd4 6. cxd4 d6 7. a3 Nc6 8. Bd3 dxe5 9. dxe5 Be7 10. 0-0 g5 11. Bb5 Bd7 12. Re1 Qb6 13. Bc4 0-0-0 14. Bxd5 exd5 15. Nc3 Be6 16. Na4 Qb5 17. Bxg5 Bxg5 18. Nxg5 d4 19. Nxe6 fxe6 20. b4 Rhg8 21. Nc5 Rg6 22. Qd3 Qb6 23. Rac1 Kb8 24. Qh3 d3 25. Qxh7 Rgg8 26. Qxg8 Rxg8 27. Nd7+ Kc7 28. Nxb6 d2 29. Rxc6+ bxc6 30. Rd1 axb6 31. Rxd2 c5 32. f4 Ra8 33. bxc5 bxc5 34. h4 c4 35. Rc2 Ra4 36. h5 Kc6 37. h6 Kc5 38. g4 Ra8 39. g5 Rh8 40. Kf2 Kd4 41. Ke2 c3 42. Rc1 Ke4 43. Rh1 1-0

[Event "Lee Cup 4th"]
[Site "Beijing"]
[Date "1997.08.31"]
[Round "7"]
[White "Li, Ruofan"]
[Black "Yin, Hao"]
[Result "0-1"]
[WhiteElo "2245"]
[BlackElo "2410"]
[PlyCount "48"]
[EventDate "1997.08.23"]
[EventType "swiss"]
[EventRounds "11"]
[EventCountry "CHN"]
[SourceTitle "CBM 061"]
[Source "ChessBase"]
[SourceDate "1997.11.23"]
[SourceVersion "1"]
[SourceVersionDate "1997.11.23"]
[SourceQuality "1"]

1. e4 e5 2. Nf3 Nc6 3. Nc3 Nf6 4. g3 g6 5. d4 exd4 6. Nxd4 Bg7 7. Nde2 d6 8. Bg2 0-0 9. 0-0 Be6 10. h3 Bc4 11. Be3 Nd7 12. Qd2 Nc5 13. Rfe1 Re8 14. Nd4 Qf6 15. Rad1 Rab8 16. b3 Nxd4 17. Bxd4 Qxd4 18. Qxd4 Bxd4 19. Rxd4 Be6 20. Nb5 Re7 21. e5 d5 22. Bxd5 c6 23. b4 cxb5 24. bxc5 Rd8 0-1

[Event "Wch U18"]
[Site "Menorca"]
[Date "1996.??.??"]
[Round "7"]
[White "Avrukh, Boris"]
[Black "Yin, Hao"]
[Result "0-1"]
[WhiteElo "2500"]
[BlackElo "2320"]
[PlyCount "104"]
[EventDate "1996.??.??"]
[EventType "swiss"]
[EventRounds "11"]
[EventCountry "ESP"]
[SourceTitle "Juniors"]
[Source "ChessBase"]
[SourceDate "1999.07.01"]
[SourceVersion "1"]
[SourceVersionDate "1999.07.01"]
[SourceQuality "1"]

1. d4 Nf6 2. c4 e6 3. Nf3 d5 4. Nc3 Be7 5. Bf4 0-0 6. e3 c6 7. Qc2 Nbd7 8. Rd1 b6 9. Be2 Ba6 10. b3 Rc8 11. 0-0 Nh5 12. Be5 Nhf6 13. Bg3 Nh5 14. Be5 Nhf6 15. h3 Nxe5 16. dxe5 Nd7 17. Bd3 g6 18. Qb2 Bb7 19. Bb1 Qc7 20. cxd5 exd5 21. Ne2 Rfe8 22. Nf4 Bf8 23. Rc1 Qb8 24. e6 fxe6 25. Ng5 Bg7 26. Qe2 Nf8 27. Qg4 e5 28. Nfe6 Nxe6 29. Nxe6 Qd6 30. Bf5 Rb8 31. h4 Re7 32. Nxg7 Rxg7 33. Bb1 Ba6 34. Rfd1 Rf8 35. Rd2 Bc8 36. Qc4 Rxf2 37. Rdd1 Rf6 38. Qa4 a5 39. Be4 Bd7 40. Bf3 Rgf7 41. e4 Rf4 42. b4 Qxb4 43. Qxb4 axb4 44. exd5 c5 45. Re1 Re7 46. d6 Re8 47. Bd5+ Kg7 48. Rf1 Ref8 49. Rfe1 Kf6 50. Re3 Rd4 51. Bb3 h5 52. Bc2 Rxd6 0-1

[Event "Wch U18"]
[Site "Menorca"]
[Date "1996.??.??"]
[Round "9"]
[White "Krakops, Maris"]
[Black "Yin, Hao"]
[Result "1/2-1/2"]
[WhiteElo "2440"]
[BlackElo "2320"]
[PlyCount "78"]
[EventDate "1996.??.??"]
[EventType "swiss"]
[EventRounds "11"]
[EventCountry "ESP"]
[SourceTitle "Juniors"]
[Source "ChessBase"]
[SourceDate "1999.07.01"]
[SourceVersion "1"]
[SourceVersionDate "1999.07.01"]
[SourceQuality "1"]

1. e4 e5 2. Nf3 Nc6 3. Bb5 a6 4. Ba4 Nf6 5. 0-0 Be7 6. Re1 b5 7. Bb3 d6 8. c3 0-0 9. h3 Na5 10. Bc2 c5 11. d4 Qc7 12. Nbd2 cxd4 13. cxd4 Nc6 14. Nb3 a5 15. Be3 a4 16. Nbd2 Bd7 17. Rc1 Rac8 18. Bd3 Qb8 19. a3 Na5 20. Qe2 Rfe8 21. d5 h6 22. Nh2 b4 23. Rb1 b3 24. Rbc1 Rxc1 25. Rxc1 Rc8 26. Rxc8+ Qxc8 27. Nhf1 Qc7 28. Nb1 Nb7 29. Nc3 Nc5 30. Nd2 Bd8 31. Bb5 Qa7 32. Bxc5 Qxc5 33. Bxd7 Nxd7 34. Nxa4 Qc2 35. Qb5 Qxd2 36. Qxd7 Qc1+ 37. Kh2 Qf4+ 38. Kg1 Qc1+ 39. Kh2 Qf4+ 1/2-1/2

[Event "Lee Cup 3rd"]
[Site "Beijing"]
[Date "1996.??.??"]
[Round "11"]
[White "Li, Wenliang"]
[Black "Yin, Hao"]
[Result "1/2-1/2"]
[WhiteElo "2425"]
[BlackElo "2320"]
[PlyCount "55"]
[EventDate "1996.08.??"]
[EventType "swiss"]
[EventRounds "11"]
[EventCountry "CHN"]
[SourceTitle "CBM 054 Extra"]
[Source "ChessBase"]
[SourceDate "1996.11.01"]
[SourceVersion "1"]
[SourceVersionDate "1996.11.01"]
[SourceQuality "1"]

1. Nf3 Nf6 2. c4 g6 3. Nc3 d5 4. cxd5 Nxd5 5. e4 Nxc3 6. dxc3 Qxd1+ 7. Kxd1 Bg7 8. Bf4 c6 9. Bc4 Nd7 10. Kc2 Nb6 11. Bb3 Nd7 12. Bc4 0-0 13. Rhe1 Nc5 14. b4 Be6 15. Bxe6 Nxe6 16. Be5 a5 17. Bxg7 Kxg7 18. a3 Nf4 19. g3 Nh3 20. Re2 axb4 21. cxb4 c5 22. bxc5 Rfc8 23. Nd2 Rxc5+ 24. Kb2 Ng5 25. Ree1 Rb5+ 26. Ka2 Rd8 27. Re2 Ne6 28. Rb1 1/2-1/2

[Event "Lee Cup 3rd"]
[Site "Beijing"]
[Date "1996.??.??"]
[Round "1"]
[White "Rausis, Igors"]
[Black "Yin, Hao"]
[Result "1-0"]
[WhiteElo "2495"]
[BlackElo "2320"]
[PlyCount "73"]
[EventDate "1996.08.??"]
[EventType "swiss"]
[EventRounds "11"]
[EventCountry "CHN"]
[SourceTitle "CBM 054 Extra"]
[Source "ChessBase"]
[SourceDate "1996.11.01"]
[SourceVersion "1"]
[SourceVersionDate "1996.11.01"]
[SourceQuality "1"]

1. e4 e5 2. Nf3 Nc6 3. Bb5 a6 4. Bxc6 dxc6 5. 0-0 f6 6. d4 exd4 7. Nxd4 c5 8. Ne2 Qxd1 9. Rxd1 Bd6 10. Bf4 Bxf4 11. Nxf4 Ne7 12. Nc3 Bd7 13. Rd2 0-0-0 14. Rad1 Nc6 15. f3 Rhf8 16. Ncd5 Rf7 17. Kf2 f5 18. exf5 Bxf5 19. c3 b5 20. h4 Kb7 21. Ne3 Rxd2+ 22. Rxd2 Bb1 23. Ne6 Bxa2 24. Nxc5+ Kb6 25. b4 Bb1 26. Rd1 Bf5 27. g4 Bc8 28. Kg3 Ka7 29. Nd5 Ne5 30. Re1 Rxf3+ 31. Kg2 Nd3 32. Re7 Rf2+ 33. Kg3 Rd2 34. Ne4 Re2 35. Rxc7+ Kb8 36. Nd6 Be6 37. Rb7+ 1-0

[Event "Wch U18"]
[Site "Menorca"]
[Date "1996.??.??"]
[Round "5"]
[White "Shaked, Tal"]
[Black "Yin, Hao"]
[Result "1-0"]
[WhiteElo "2440"]
[BlackElo "2320"]
[PlyCount "51"]
[EventDate "1996.??.??"]
[EventType "swiss"]
[EventRounds "11"]
[EventCountry "ESP"]
[SourceTitle "Juniors"]
[Source "ChessBase"]
[SourceDate "1999.07.01"]
[SourceVersion "1"]
[SourceVersionDate "1999.07.01"]
[SourceQuality "1"]

1. e4 e5 2. Nf3 Nc6 3. Nc3 Nf6 4. Bb5 Bb4 5. 0-0 0-0 6. d3 d6 7. Bg5 Bxc3 8. bxc3 Qe7 9. Re1 Nd8 10. d4 Bg4 11. h3 Bh5 12. g4 Bg6 13. Nh4 Ne6 14. Bc1 Bxe4 15. g5 Nd5 16. Rxe4 Nxc3 17. Nf5 Qd8 18. Qd3 Nxe4 19. Qxe4 g6 20. Nh6+ Kg7 21. dxe5 Nxg5 22. Qg2 Ne6 23. exd6 Nd4 24. Bb2 c5 25. Nf5+ Kg8 26. Nxd4 1-0

[Event "Lee Cup 2nd"]
[Site "Beijing"]
[Date "1995.??.??"]
[Round "6"]
[White "Wang, Yaoyao"]
[Black "Yin, Hao"]
[Result "1/2-1/2"]
[WhiteElo "2445"]
[BlackElo "2350"]
[PlyCount "42"]
[EventDate "1995.08.??"]
[EventType "swiss"]
[EventRounds "11"]
[EventCountry "CHN"]
[SourceTitle "EXT 1997"]
[Source "ChessBase"]
[SourceDate "1996.11.15"]
[SourceVersion "1"]
[SourceVersionDate "1996.11.15"]
[SourceQuality "1"]

1. d4 Nf6 2. c4 c6 3. Nc3 d5 4. Nf3 g6 5. e3 Bg7 6. Be2 0-0 7. 0-0 Ne4 8. Qb3 Nxc3 9. bxc3 b6 10. Ba3 Ba6 11. Rfe1 Re8 12. Rac1 e6 13. h3 Bb7 14. Red1 Nd7 15. cxd5 cxd5 16. Bb5 Bf8 17. Bb4 Bxb4 18. cxb4 a6 19. Be2 Rc8 20. a4 Rxc1 21. Rxc1 Qb8 1/2-1/2

[Event "Lee Cup 2nd"]
[Site "Beijing"]
[Date "1995.??.??"]
[Round "7"]
[White "Yin, Hao"]
[Black "Li, Shilong"]
[Result "1/2-1/2"]
[WhiteElo "2350"]
[BlackElo "2345"]
[PlyCount "107"]
[EventDate "1995.08.??"]
[EventType "swiss"]
[EventRounds "11"]
[EventCountry "CHN"]
[SourceTitle "EXT 1997"]
[Source "ChessBase"]
[SourceDate "1996.11.15"]
[SourceVersion "1"]
[SourceVersionDate "1996.11.15"]
[SourceQuality "1"]

1. e4 e5 2. Nf3 Nc6 3. Nc3 Nf6 4. Bb5 Bc5 5. 0-0 0-0 6. Nxe5 Re8 7. Nf3 Nxe4 8. Nxe4 Rxe4 9. d3 Re8 10. d4 Bf8 11. d5 Ne5 12. Nxe5 Rxe5 13. Bf4 Rf5 14. Bg3 c6 15. Bc4 d6 16. dxc6 bxc6 17. Bd3 Rg5 18. f4 Rxg3 19. hxg3 Qb6+ 20. Kh2 Qxb2 21. Qf3 d5 22. Rae1 Bd7 23. Qh5 g6 24. Qe5 Qxe5 25. Rxe5 Rb8 26. c4 Bd6 27. Re2 Rb4 28. cxd5 cxd5 29. Rb1 Rd4 30. Ba6 Bg4 31. Reb2 Bf5 32. Rf1 Ba3 33. Rb3 Bc5 34. Rc1 Bb6 35. Rb2 h5 36. Be2 Ra4 37. Rd1 Be4 38. Bb5 Ra3 39. Bc6 Ra5 40. a4 Rc5 41. Bb7 Kg7 42. Rb5 Rc2 43. Bxd5 Rxg2+ 44. Kh3 Bxd5 45. Rbxd5 Ra2 46. Re5 Rxa4 47. Rd7 Rd4 48. Rb7 Rd6 49. Kg2 Bd4 50. Ree7 Rf6 51. Re8 Bb6 52. Kf3 Bc5 53. Rc8 Bb6 54. Re8 1/2-1/2

[Event "Lee Cup 2nd"]
[Site "Beijing"]
[Date "1995.??.??"]
[Round "5"]
[White "Yin, Hao"]
[Black "Liang, Jinrong"]
[Result "1/2-1/2"]
[WhiteElo "2350"]
[BlackElo "2450"]
[PlyCount "33"]
[EventDate "1995.08.??"]
[EventType "swiss"]
[EventRounds "11"]
[EventCountry "CHN"]
[SourceTitle "EXT 1997"]
[Source "ChessBase"]
[SourceDate "1996.11.15"]
[SourceVersion "1"]
[SourceVersionDate "1996.11.15"]
[SourceQuality "1"]

1. e4 c5 2. c3 Nf6 3. e5 Nd5 4. d4 cxd4 5. cxd4 d6 6. exd6 Qxd6 7. Nc3 Nc6 8. Nf3 Bg4 9. Be2 e6 10. 0-0 Be7 11. h3 Bh5 12. Qb3 0-0 13. Nxd5 Qxd5 14. Qxd5 exd5 15. Be3 Rac8 16. Rac1 h6 17. Rfd1 1/2-1/2

[Event "Lee Cup 2nd"]
[Site "Beijing"]
[Date "1995.??.??"]
[Round "1"]
[White "Yin, Hao"]
[Black "Mariano, Nelson"]
[Result "1/2-1/2"]
[WhiteElo "2350"]
[BlackElo "2510"]
[PlyCount "71"]
[EventDate "1995.08.??"]
[EventType "swiss"]
[EventRounds "11"]
[EventCountry "CHN"]
[SourceTitle "EXT 1997"]
[Source "ChessBase"]
[SourceDate "1996.11.15"]
[SourceVersion "1"]
[SourceVersionDate "1996.11.15"]
[SourceQuality "1"]

1. e4 e6 2. d4 b6 3. Bd3 Bb7 4. Nf3 d6 5. 0-0 Nd7 6. b3 g6 7. Bb2 Bg7 8. Nbd2 Ne7 9. c4 0-0 10. Qe2 e5 11. Rad1 c5 12. d5 h6 13. Ne1 f5 14. f3 Bc8 15. Rf2 Nf6 16. g3 fxe4 17. Nxe4 Nf5 18. Ng2 a5 19. f4 Nd4 20. Bxd4 exd4 21. Nxf6+ Qxf6 22. Nh4 Bf5 23. Nxf5 gxf5 24. Re1 a4 25. Qe6+ Qxe6 26. Rxe6 axb3 27. axb3 Ra3 28. Rb2 Ra1+ 29. Kf2 Rd1 30. Ke2 Rh1 31. Kf3 Rd1 32. Be2 Rc1 33. Rd2 Rf6 34. Re8+ Rf8 35. Re6 Rf6 36. Re8+ 1/2-1/2

[Event "Lee Cup 2nd"]
[Site "Beijing"]
[Date "1995.??.??"]
[Round "11"]
[White "Yin, Hao"]
[Black "Yu, Shaoteng"]
[Result "1/2-1/2"]
[WhiteElo "2350"]
[BlackElo "2290"]
[PlyCount "37"]
[EventDate "1995.08.??"]
[EventType "swiss"]
[EventRounds "11"]
[EventCountry "CHN"]
[SourceTitle "EXT 1997"]
[Source "ChessBase"]
[SourceDate "1996.11.15"]
[SourceVersion "1"]
[SourceVersionDate "1996.11.15"]
[SourceQuality "1"]

1. e4 e6 2. d4 d5 3. Nd2 c5 4. Ngf3 cxd4 5. Nxd4 Nf6 6. exd5 Qxd5 7. N2f3 Be7 8. c4 Qa5+ 9. Bd2 Qd8 10. Qa4+ Bd7 11. Qc2 Nc6 12. Nxc6 Bxc6 13. Ne5 Ne4 14. Nxc6 Qxd2+ 15. Qxd2 Nxd2 16. Nxe7 Nxf1 17. Rxf1 Kxe7 18. Ke2 Rac8 19. Rac1 1/2-1/2

[Event "Lee Cup 2nd"]
[Site "Beijing"]
[Date "1995.??.??"]
[Round "10"]
[White "Zhang, Zhong"]
[Black "Yin, Hao"]
[Result "1/2-1/2"]
[WhiteElo "2430"]
[BlackElo "2350"]
[PlyCount "66"]
[EventDate "1995.08.??"]
[EventType "swiss"]
[EventRounds "11"]
[EventCountry "CHN"]
[SourceTitle "EXT 1997"]
[Source "ChessBase"]
[SourceDate "1996.11.15"]
[SourceVersion "1"]
[SourceVersionDate "1996.11.15"]
[SourceQuality "1"]

1. d4 Nf6 2. Nf3 d5 3. Bg5 e6 4. e3 Be7 5. Nbd2 b6 6. Bd3 Bb7 7. 0-0 h6 8. Bh4 Nbd7 9. Ne5 Nxe5 10. dxe5 Ne4 11. Bxe7 Qxe7 12. c3 0-0 13. f4 Nxd2 14. Qxd2 Rad8 15. Bc2 f6 16. exf6 Qxf6 17. Qd3 Qf5 18. Qe2 Qf6 19. a4 a5 20. Rad1 Bc6 21. Rd4 e5 22. fxe5 Qxe5 23. Rdf4 Rxf4 24. Rxf4 Re8 25. Qf2 Qd6 26. Bb1 g6 27. b3 Re6 28. h4 Be8 29. Qd2 Qe5 30. e4 dxe4 31. Rxe4 Qc5+ 32. Kh1 Rxe4 33. Bxe4 Kg7 1/2-1/2